000 01757nam a2200457 a 4500
001 20469
003 VRT
005 20260122144413.0
008 961209q1995 xo d n 000 d slo d
020 _a8088834317 (brož.)
035 _aUKB000210384
039 9 _a200612130913
_bmuro
_c200612051300
_dzofia
_c200612050916
_dargo
_c200609080838
_dbartovic
040 _aBAA001
_bslo
_cBAA001
_eAACR2
041 1 _aslo
_hfre
044 _axo
_cSK
072 7 _a821.133.1-2
_xFrancúzska dráma, francúzsky písaná
_2konspekt
080 _a821.133.1-2
_21997
080 _a(0:82-22)
_21997
100 1 _aMolière,
_d1622-1673
245 1 0 _aTartuffe ; Lakomec
_cMoliere ; [preložil Ján Poničan]
260 _aRohovce
_bInterpopulart Slovakia
_c[1995]
300 _a126 s
490 1 _aŠtudentská knižnica
_v32
490 1 _aPopulart. Klasicistická dráma
500 _aNA.46-2006 - fotokópia s obál. tit. listom, chýb. s. 1-4, vydav. údaje
_5ukb
504 _aBibliogr. s. 125
653 _a821.133.1-2
653 _a(0:82-22)
655 7 _afrancúzske drámy
_2UKBPH
655 7 _akomédie
_2UKBPH
700 1 _aPoničan, Ján,
_d1902-1978
_4trl
740 0 2 _aLakomec
830 0 _aPopulart
_pKlasicistická dráma
830 0 _aŠtudentská knižnica
_v32
910 _aukb
942 _2ddc
_cKLDO
_n0
949 _61800314327
_a30.D.66684
_bNA.46-2006
_očitateľská strata č.47-2010
_s6705:20100719
949 _61800009256
_a30.D.66684
_bPV.5683-96
_s4705:20260121
949 _61800009255
_aSL.D.24707
_bPV.5684-96
_oProsím o prednostné upozornenie pri vrátení na knihu zo služobných dôvodov. Pekne ďakujem,Blšťáková /kl.458/.
949 _61800065042
_a30.D.66684
_bNA.242-99
_očitateľská strata č.86-2007
_s6705:20061219
999 _c20469
_d20469